MARC details
| 000 -LEADER |
| campo de control de longitud fija |
01452nam a2200349 i 4500 |
| 001 - NÚMERO DE CONTROL |
| campo de control |
197095 |
| 003 - IDENTIFICADOR DE NÚMERO DE CONTROL |
| campo de control |
ES-MaACL |
| 005 - FECHA Y HORA DE LA ÚLTIMA TRANSACCIÓN |
| campo de control |
20250815122605.0 |
| 007 - CAMPO FIJO DE DESCRIPCIÓN FÍSICA--INFORMACIÓN GENERAL |
| campo de control de longitud fija |
ta |
| 008 - DATOS DE LONGITUD FIJA--INFORMACIÓN GENERAL |
| campo de control de longitud fija |
250407s1951 sp f 100 0 spa d |
| 035 ## - NÚMERO DE CONTROL DEL SISTEMA |
| Número de control de sistema |
CSIC000322628 |
| 035 ## - NÚMERO DE CONTROL DEL SISTEMA |
| Número de control de sistema |
(ES-MaCSI)000322628MAD01-Aleph |
| 035 ## - NÚMERO DE CONTROL DEL SISTEMA |
| Número de control de sistema |
(OCoLC)1123428702 |
| 035 ## - NÚMERO DE CONTROL DEL SISTEMA |
| Número de control de sistema |
990003226280204201 |
| 040 ## - FUENTE DE CATALOGACIÓN |
| Centro catalogador/agencia de origen |
ES-MaCSI |
| Lengua de catalogación |
spa |
| Centro/agencia transcriptor |
VL |
| 080 ## - NÚMERO DE LA CLASIFICACIÓN DECIMAL UNIVERSAL |
| Número de la Clasificación Decimal Universal |
75(6)(064) |
| 111 20 - ENTRADA PRINCIPAL--NOMBRE DE CONGRESO/REUNIÓN |
| Nombre de congreso/reunión o jurisdicción como elemento de entrada |
Exposición de Pintores de Africa |
| Número del congreso/reunión o número de parte o sección |
(1ª. |
| Fecha del congreso o de la firma del tratado |
1950. |
| Sede del congreso/Lugar de la reunión |
Madrid) |
| 9 (RLIN) |
239994 |
| 245 10 - MENCIÓN DEL TÍTULO |
| Título |
Primera exposición de pintores de Africa : |
| Resto del título |
Madrid, 1950 / |
| Mención de responsabilidad, etc. |
[organizada por] Instituto de Estudios Africanos. |
| 260 ## - PUBLICACIÓN, DISTRIBUCIÓN, ETC. |
| Lugar de publicación, distribución, etc. |
Madrid : |
| Nombre del editor, distribuidor, etc. |
Instituto de Estudios Africanos, |
| Fecha de publicación, distribución, etc. |
1951. |
| 300 ## - DESCRIPCIÓN FÍSICA |
| Extensión |
143 p., [14] h. de lam. ; |
| Dimensiones |
24 cm. |
| 336 ## - TIPO DE CONTENIDO |
| Fuente |
rdacontent |
| Término de tipo de contenido |
texto |
| 337 ## - TIPO DE MEDIO |
| Fuente |
rdamedia |
| Nombre/término del tipo de medio |
sin mediación |
| 338 ## - TIPO DE SOPORTE |
| Fuente |
rdacarrier |
| Nombre/término del tipo de soporte |
volumen |
| 510 ## - NOTA DE CITAS O REFERENCIAS BIBLIOGRÁFICAS |
| Nombre de la fuente |
CCPB, |
| Localización dentro de la fuente |
000770185-3 |
| 650 #0 - PUNTO DE ACCESO ADICIONAL DE MATERIA--TÉRMINO DE MATERIA |
| Término de materia o nombre geográfico como elemento de entrada |
Pintura africana- |
| Subdivisión de forma |
Exposiciones |
| 9 (RLIN) |
239995 |
| 710 2# - ENTRADA AGREGADA--NOMBRE DE ENTIDAD CORPORATIVA |
| Nombre de entidad corporativa o nombre de jurisdicción como elemento de entrada |
Instituto de Estudios Africanos |
| 9 (RLIN) |
4881 |
| 852 ## - LOCALIZACIÓN |
| Ubicación |
ES-MaACL |
| Sublocalización o colección |
R.M.6193 |
| -- |
R.31338 |
| Ubicación en estantería |
Sala Valle Inclán |
| Número de control de estantería |
D-6604 |
| Marcas de propiedad |
Sello en tinta azul de la Biblioteca del Ateneo de Madrid |
| Anotaciones manuscritas |
Anotación manuscrita en cubierta: "27" |
| Nota libre |
Sello en cubierta: "Precio del ejemplar ptas. 50,00" |
| -- |
Sello en cubierta: "15. NOV. 1951" |
| 942 ## - ELEMENTOS DE ENTRADA SECUNDARIOS (KOHA) |
| Fuente del sistema de clasificación o colocación |
Clasificación decimal universal |
| Suprimir en OPAC |
No |
| Tipo de ítem Koha |
Libro impreso |